000 00663nam a2200229Ia 4500
005 20241129120221.0
008 241129s9999||||xx |||||||||||||| ||und||
020 _a9780192871831
037 _aTB
040 _aSDCL
_beng
_cSDCL
041 _aeng
_2eng
084 _aX:(G:55):(Z), R2 LR
_qSDCL
100 _aDivan Shyam; Rosencranz Armin
_9729448
245 0 _aEnvironmental Law and policy in India : Case and materials
250 _a3rd
260 _aNew York
_bOxford University Press
_c2001
300 _axliii,964p.
365 _aINR
_b995
650 _aReference
942 _cTB
_hX:(G:55):(Z), R2 LR
999 _c1233858
_d1233858